000 00737nam a22002417a 4500
005 20170124105953.0
010 _aA-583120
020 _c00.00
035 h _aA-583120
037 _bCen Lib/Ret
040 _aDPL
_bEN
082 _a303.483
_bALV
100 _aAlvares, Claude
_914095
245 _aScience, development and violence :
_cby Claude Alvares
_bthe revolt against modernity /
246 _b
260 _aDelhi
_bOxford University Press
_c1992
270 _aYMCA Library Building, Jai Singh Road
_bDelhi
_e110001
300 _aix,186p. :
_c22cm(Hb)
500 _aIncludes index
650 _aEconomic development
_91481
650 _aIndustrialization
_910749
942 _2ddc
_cEN
_h303.483
_mALV
999 _c125392
_d125392